[Event "SLO-chT 25th"]
[Site "Otocec"]
[Date "2015.10.17"]
[Round "2.11"]
[White "Vrabic, Anita"]
[Black "Gjuran, Denis"]
[Result "0-1"]
[WhiteElo "2046"]
[BlackElo "2351"]
[PlyCount "106"]
[EventDate "2015.10.16"]
[EventType "team-tourn"]
[EventRounds "9"]
[EventCountry "SLO"]
[SourceTitle "EXT 2020"]
[Source "ChessBase"]
[SourceDate "2019.10.17"]
[SourceVersion "1"]
[SourceVersionDate "2019.10.17"]
[SourceQuality "1"]
[WhiteTeam "Ptuj"]
[BlackTeam "Radenska Pomgrad"]
[WhiteTeamCountry "SLO"]
[BlackTeamCountry "SLO"]

1. e4 c5 2. Nf3 Nc6 3. Nc3 g6 4. d4 cxd4 5. Nxd4 Bg7 6. Be3 Nf6 7. Bc4 0-0 8. Bb3 a5 9. a4 Ng4 10. Qxg4 Nxd4 11. Qd1 Nxb3 12. cxb3 d6 13. Bd4 Be6 14. b4 Bxd4 15. Qxd4 Qd7 16. 0-0 Rfc8 17. b5 Rc4 18. Qd2 Rac8 19. f4 R8c5 20. Rae1 d5 21. exd5 Bxd5 22. f5 Rg4 23. Nxd5 Rxd5 24. Qe2 Rxf5 25. Rxf5 Qxf5 26. Qxe7 Rxa4 27. Qxb7 Qc5+ 28. Kh1 Rb4 29. Qa8+ Kg7 30. Qxa5 Rxb5 31. Qc3+ Qxc3 32. bxc3 Rb3 33. Rc1 Kf6 34. Kg1 Ke5 35. Kf2 f5 36. Ke3 Rb2 37. Kf3 g5 38. h3 h5 39. g4 hxg4+ 40. hxg4 f4 41. Ra1 Rd2 42. c4 Rd3+ 43. Kf2 Rc3 44. Ra5+ Ke4 45. Rxg5 Rc2+ 46. Kg1 Kf3 47. Rd5 Kg3 48. Rd1 f3 49. g5 Rg2+ 50. Kf1 Rh2 51. Ke1 Rh1+ 52. Kd2 Rxd1+ 53. Kxd1 f2 0-1

[Event "EU-ch (Women) 14th"]
[Site "Belgrade"]
[Date "2013.08.02"]
[Round "10"]
[White "Zivic, Radmila"]
[Black "Vrabic, Anita"]
[Result "1-0"]
[WhiteElo "2029"]
[BlackElo "2112"]
[PlyCount "61"]
[EventDate "2013.07.23"]
[EventType "swiss"]
[EventRounds "11"]
[EventCountry "SRB"]
[SourceTitle "CBM 155 Extra"]
[Source "ChessBase"]
[SourceDate "2013.08.26"]
[SourceVersion "1"]
[SourceVersionDate "2013.08.26"]
[SourceQuality "1"]

1. e4 c5 2. Nf3 Nc6 3. d4 cxd4 4. Nxd4 Nf6 5. Nc3 d6 6. Bg5 a6 7. Qd2 Qb6 8. Nb3 e6 9. Bxf6 gxf6 10. f4 Be7 11. 0-0-0 Qc7 12. a4 0-0 13. Bd3 Kh8 14. Kb1 Rg8 15. Rhf1 Rg7 16. Rf3 Bd7 17. Rh3 Rc8 18. Rh5 Nb4 19. Qf2 Bc6 20. Bf1 d5 21. e5 f5 22. h3 Be8 23. Rh6 Nc6 24. g4 fxg4 25. hxg4 Nb4 26. g5 b5 27. Qh2 bxa4 28. Bd3 Nxd3 29. Rh1 Bxg5 30. Rxh7+ Kg8 31. Rh8# 1-0

[Event "EU-ch (Women) 14th"]
[Site "Belgrade"]
[Date "2013.07.31"]
[Round "8"]
[White "Eric, Jovana"]
[Black "Vrabic, Anita"]
[Result "1-0"]
[WhiteElo "2223"]
[BlackElo "2112"]
[PlyCount "89"]
[EventDate "2013.07.23"]
[EventType "swiss"]
[EventRounds "11"]
[EventCountry "SRB"]
[SourceTitle "CBM 155 Extra"]
[Source "ChessBase"]
[SourceDate "2013.08.26"]
[SourceVersion "1"]
[SourceVersionDate "2013.08.26"]
[SourceQuality "1"]

1. e4 c5 2. Nf3 Nc6 3. d4 cxd4 4. Nxd4 Nf6 5. Nc3 d6 6. Bg5 e6 7. Qd2 Be7 8. f3 0-0 9. 0-0-0 h6 10. Be3 a6 11. g4 Nd7 12. h4 Nxd4 13. Qxd4 Ne5 14. Be2 b5 15. f4 Nc6 16. Qd2 b4 17. Na4 Rb8 18. g5 Qa5 19. b3 Rd8 20. gxh6 g6 21. h5 Kh7 22. hxg6+ fxg6 23. Bd3 Bf6 24. Qf2 Rf8 25. Bb6 Rxb6 26. Qxb6 Qxb6 27. Nxb6 Bd4 28. Nxc8 Rxc8 29. Kb1 a5 30. f5 e5 31. fxg6+ Kxg6 32. Bc4 Rh8 33. Rdf1 Be3 34. Bf7+ Kg5 35. Rf5+ Kg4 36. h7 Nd4 37. Rf6 Nb5 38. Rg6+ Kf3 39. c4 bxc3 40. Kc2 Kxe4 41. Rg8 Kd4 42. Rxh8 Na3+ 43. Kd1 c2+ 44. Ke2 Nb1 45. Rc8 1-0

[Event "SLO-ch (Women)"]
[Site "Ljubljana"]
[Date "2012.07.06"]
[Round "7"]
[White "Vrabic, Anita"]
[Black "Orehek, Spela"]
[Result "1-0"]
[WhiteElo "2123"]
[BlackElo "2038"]
[PlyCount "109"]
[EventDate "2012.06.30"]
[EventType "tourn"]
[EventRounds "9"]
[EventCountry "SLO"]
[SourceTitle "CBM 149 Extra"]
[Source "ChessBase"]
[SourceDate "2012.08.24"]
[SourceVersion "1"]
[SourceVersionDate "2012.08.24"]
[SourceQuality "1"]

1. e4 e5 2. Nf3 Nc6 3. Nc3 Nf6 4. d4 exd4 5. Nxd4 Bb4 6. Nxc6 bxc6 7. Bd3 d5 8. exd5 cxd5 9. 0-0 0-0 10. Bg5 c6 11. Na4 h6 12. Bh4 Re8 13. Rc1 Bd6 14. c4 Bf4 15. Rc2 Qd6 16. Bg3 Bxg3 17. hxg3 Bg4 18. Qd2 d4 19. b4 Rab8 20. Nc5 Qe5 21. a3 Rbd8 22. Qf4 Bc8 23. Re2 Qh5 24. f3 Rxe2 25. Bxe2 Re8 26. Bd3 Qe5 27. Qxe5 Rxe5 28. Kf2 Nd7 29. Nxd7 Bxd7 30. Re1 f6 31. f4 Rxe1 32. Kxe1 Kf8 33. Kd2 Ke7 34. Be4 Kd6 35. c5+ Ke6 36. Kd3 g5 37. Kxd4 f5 38. Bd3 Bc8 39. a4 Bb7 40. Bc4+ Kf6 41. b5 Ke7 42. Ke5 cxb5 43. axb5 Bxg2 44. fxg5 hxg5 45. Kxf5 Kd7 46. Kxg5 a5 47. bxa6 Kc6 48. g4 Kxc5 49. Be2 Kd6 50. Kf6 Bd5 51. g5 Kd7 52. g6 Ke8 53. g7 Kd8 54. a7 Kc7 55. a8Q 1-0

[Event "SLO-ch (Women)"]
[Site "Ljubljana"]
[Date "2012.07.04"]
[Round "5"]
[White "Vrabic, Anita"]
[Black "Kaps, Darja"]
[Result "0-1"]
[WhiteElo "2123"]
[BlackElo "2224"]
[PlyCount "94"]
[EventDate "2012.06.30"]
[EventType "tourn"]
[EventRounds "9"]
[EventCountry "SLO"]
[SourceTitle "CBM 149 Extra"]
[Source "ChessBase"]
[SourceDate "2012.08.24"]
[SourceVersion "1"]
[SourceVersionDate "2012.08.24"]
[SourceQuality "1"]

1. e4 c5 2. Nf3 Nc6 3. Nc3 e6 4. d4 cxd4 5. Nxd4 Qc7 6. Be2 a6 7. 0-0 Nf6 8. a4 Bb4 9. Nxc6 bxc6 10. Qd4 c5 11. Qe3 Bb7 12. e5 Bxc3 13. Qxc3 Ne4 14. Qe3 f6 15. f3 Ng5 16. Qc3 Nf7 17. exf6 g6 18. b4 Rc8 19. Be3 c4 20. b5 0-0 21. bxa6 Bxa6 22. a5 d5 23. Bb6 Qc6 24. Bd4 e5 25. Bb6 d4 26. Qd2 Nd6 27. f4 c3 28. Qd1 Bb7 29. Bf3 e4 30. Bg4 d3 31. Be6+ Nf7 32. Bxc8 Rxc8 33. cxd3 exd3 34. Qg4 d2 35. f5 g5 36. Be3 h5 37. Qg3 Qxf6 38. h4 g4 39. Qf2 Ba6 40. Bd4 Qc6 41. f6 Bxf1 42. Rxf1 Qe4 43. Be3 Qd3 44. Kh2 Re8 45. Bg5 g3+ 46. Qxg3 Qxg3+ 47. Kxg3 Re1 0-1

[Event "SLO-chT2 Ost"]
[Site "Slovenia"]
[Date "2010.06.05"]
[Round "3"]
[White "Florjancic, Rudolf"]
[Black "Vrabic, Anita"]
[Result "1/2-1/2"]
[WhiteElo "1988"]
[BlackElo "2129"]
[PlyCount "42"]
[EventDate "2010.05.29"]
[EventType "team-tourn"]
[EventRounds "9"]
[EventCountry "SLO"]
[SourceTitle "EXT 2022"]
[Source "ChessBase"]
[SourceDate "2021.10.06"]
[SourceVersion "1"]
[SourceVersionDate "2021.10.06"]
[SourceQuality "1"]

1. e4 c5 2. Nf3 Nc6 3. d4 cxd4 4. Nxd4 Nf6 5. Nc3 d6 6. g3 a6 7. Bg2 Bg4 8. f3 Bd7 9. Be3 b5 10. a3 Rc8 11. Nxc6 Bxc6 12. 0-0 e6 13. Re1 Be7 14. Qd2 0-0 15. Rad1 Qc7 16. Qf2 d5 17. exd5 Bxd5 18. Bd4 Bb7 19. f4 Bxg2 20. Kxg2 Bc5 21. Bxc5 Qxc5 1/2-1/2

[Event "Ptuj op"]
[Site "Ptuj"]
[Date "2009.08.09"]
[Round "9"]
[White "Vrabic, Anita"]
[Black "Rozic, Samo"]
[Result "1/2-1/2"]
[WhiteElo "2119"]
[BlackElo "1999"]
[PlyCount "80"]
[EventDate "2009.08.02"]
[EventType "swiss"]
[EventRounds "9"]
[EventCountry "SLO"]
[SourceTitle "CBM 131 Extra"]
[Source "ChessBase"]
[SourceDate "2009.09.03"]
[SourceVersion "2"]
[SourceVersionDate "2009.09.16"]
[SourceQuality "1"]

1. e4 e6 2. d4 d5 3. Nd2 Nf6 4. e5 Ng8 5. c3 c5 6. Bd3 Qb6 7. Ne2 Bd7 8. a3 Nc6 9. Nf3 cxd4 10. Nexd4 Nge7 11. 0-0 Nxd4 12. Nxd4 Nc6 13. Nf3 Rc8 14. b4 a5 15. b5 Ne7 16. Be3 Qc7 17. Rc1 b6 18. h3 Qb7 19. Nd4 Ng6 20. f4 Bc5 21. g4 0-0 22. Qe1 f6 23. Qg3 fxe5 24. fxe5 Rxf1+ 25. Rxf1 Nf8 26. h4 Be8 27. h5 Qe7 28. Kg2 Bxd4 29. Bxd4 Nd7 30. Kh3 Qg5 31. Qf4 Qxf4 32. Rxf4 Nc5 33. Bc2 g6 34. Kh4 Kg7 35. Rf6 Bf7 36. h6+ Kf8 37. g5 Ke7 38. Kg4 Nd7 39. Rf3 Rc4 40. Kg3 Nc5 1/2-1/2

[Event "SLO-ch (Women)"]
[Site "Maribor"]
[Date "2004.07.02"]
[Round "7"]
[White "Ursic, Mateja"]
[Black "Vrabic, Anita"]
[Result "0-1"]
[WhiteElo "2044"]
[BlackElo "2129"]
[PlyCount "66"]
[EventDate "2004.06.28"]
[EventType "swiss"]
[EventRounds "9"]
[EventCountry "SLO"]
[SourceTitle "EXT 2009"]
[Source "ChessBase"]
[SourceDate "2008.11.26"]
[SourceVersion "1"]
[SourceVersionDate "2008.11.26"]
[SourceQuality "1"]

1. e4 c5 2. c3 Nf6 3. e5 Nd5 4. d4 cxd4 5. Nf3 e6 6. cxd4 d6 7. Bc4 Be7 8. 0-0 0-0 9. Nc3 Nxc3 10. bxc3 Bd7 11. Bf4 Bc6 12. Qd3 Bxf3 13. Qxf3 Nc6 14. Rfe1 Qc7 15. Bd3 g6 16. exd6 Bxd6 17. Bh6 Rfe8 18. Qf6 Bf8 19. Bxf8 Rxf8 20. Re3 Rfd8 21. h4 Qe7 22. Qf4 Qd6 23. Qe4 Rac8 24. Be2 Qd5 25. Qf4 Qd6 26. Qh6 Qf8 27. Qf4 Ne7 28. h5 Nd5 29. Qg3 Nxe3 30. Qxe3 Qa3 31. Rc1 Rxd4 32. Qxd4 Qxc1+ 33. Kh2 Qxc3 0-1

[Event "SLO-ch (Women)"]
[Site "Maribor"]
[Date "2004.07.01"]
[Round "6"]
[White "Srebrnic, Ana"]
[Black "Vrabic, Anita"]
[Result "1-0"]
[WhiteElo "2252"]
[BlackElo "2129"]
[PlyCount "119"]
[EventDate "2004.06.28"]
[EventType "swiss"]
[EventRounds "9"]
[EventCountry "SLO"]
[SourceTitle "EXT 2009"]
[Source "ChessBase"]
[SourceDate "2008.11.26"]
[SourceVersion "1"]
[SourceVersionDate "2008.11.26"]
[SourceQuality "1"]

1. c4 Nf6 2. Nf3 c5 3. d4 cxd4 4. Nxd4 Nc6 5. Nc3 d6 6. e4 e6 7. Be2 Be7 8. 0-0 0-0 9. Be3 a6 10. f3 Qc7 11. a3 Rb8 12. Rc1 Rd8 13. Nd5 Qd7 14. Nxe7+ Qxe7 15. Qc2 h6 16. b4 Nxd4 17. Bxd4 b6 18. Rfd1 e5 19. Be3 Qc7 20. Bf1 Nd7 21. Qf2 Ra8 22. Qh4 Nf8 23. c5 bxc5 24. bxc5 Ng6 25. cxd6 Qa5 26. Qf2 Qxa3 27. Bc5 Qa4 28. Bb6 Rd7 29. Bc7 Nf4 30. Bc4 Bb7 31. Qb6 Bc6 32. g3 Ng6 33. Bxf7+ Kxf7 34. Qxc6 Qxc6 35. Rxc6 a5 36. Rc5 a4 37. Rdd5 Ke6 38. Ra5 Rxa5 39. Rxa5 Nh8 40. f4 Nf7 41. f5+ Kf6 42. Rxa4 h5 43. Kf2 g6 44. fxg6 Kxg6 45. Ra6 Ng5 46. Ke3 Ne6 47. Ra5 Kf6 48. Ra7 Nd4 49. Ra8 Ne6 50. Rc8 Kf7 51. h3 Ng5 52. g4 hxg4 53. hxg4 Ne6 54. Kd3 Kf6 55. Kc4 Rg7 56. Kd5 Rxg4 57. Bd8+ Nxd8 58. Rxd8 Rg1 59. Rf8+ Kg7 60. Rf5 1-0

[Event "SLO-ch (Women)"]
[Site "Maribor"]
[Date "2004.06.30"]
[Round "4"]
[White "Vrabic, Anita"]
[Black "Kaps, Darja"]
[Result "0-1"]
[WhiteElo "2129"]
[BlackElo "2185"]
[PlyCount "72"]
[EventDate "2004.06.28"]
[EventType "swiss"]
[EventRounds "9"]
[EventCountry "SLO"]
[SourceTitle "EXT 2009"]
[Source "ChessBase"]
[SourceDate "2008.11.26"]
[SourceVersion "1"]
[SourceVersionDate "2008.11.26"]
[SourceQuality "1"]

1. e4 c5 2. Nf3 Nc6 3. d4 cxd4 4. Nxd4 Qc7 5. Nc3 e6 6. Be2 a6 7. 0-0 Nf6 8. Kh1 Bb4 9. f3 Bxc3 10. bxc3 d5 11. exd5 Nxd5 12. c4 Nc3 13. Qd3 Nxe2 14. Nxe2 0-0 15. c5 Rd8 16. Qc4 e5 17. f4 Be6 18. Qc3 Nd4 19. Ng3 Qc6 20. fxe5 Bh3 21. Rf2 Nb3 22. Bg5 Nxa1 23. Bxd8 Rxd8 24. Qxa1 Qxc5 25. Ne4 Qe3 26. gxh3 Qxe4+ 27. Kg1 Qe3 28. Kg2 Rd5 29. Qf1 Rxe5 30. Rxf7 Qe4+ 31. Rf3 Rg5+ 32. Kh1 Rf5 33. Kg2 Qxc2+ 34. Kg3 Rxf3+ 35. Qxf3 Qg6+ 36. Kf2 Qf6 0-1

[Event "SLO-ch (Women)"]
[Site "Maribor"]
[Date "2004.06.29"]
[Round "3"]
[White "Svent, Suzana"]
[Black "Vrabic, Anita"]
[Result "0-1"]
[WhiteElo "1997"]
[BlackElo "2129"]
[PlyCount "88"]
[EventDate "2004.06.28"]
[EventType "swiss"]
[EventRounds "9"]
[EventCountry "SLO"]
[SourceTitle "EXT 2009"]
[Source "ChessBase"]
[SourceDate "2008.11.26"]
[SourceVersion "1"]
[SourceVersionDate "2008.11.26"]
[SourceQuality "1"]

1. e4 c5 2. Nc3 Nc6 3. g3 g6 4. Bg2 Bg7 5. d3 e6 6. f4 Nd4 7. Nf3 d6 8. 0-0 Ne7 9. Be3 Nec6 10. Nh4 0-0 11. Qd2 Rb8 12. Nd1 Bf6 13. c3 Nb5 14. Nf3 b6 15. g4 d5 16. e5 Be7 17. a4 Nc7 18. d4 Ba6 19. Re1 Na5 20. Qc2 Bc8 21. g5 Nc4 22. Nf2 Kg7 23. Ng4 Rh8 24. Bf1 Nxe3 25. Rxe3 h5 26. gxh6+ Kh7 27. Qf2 Rf8 28. h4 c4 29. Ng5+ Kh8 30. Qc2 Bd7 31. b3 b5 32. axb5 cxb3 33. Qxb3 Nxb5 34. Qc2 Na3 35. Qa2 Qb6 36. Kh1 a5 37. Qd2 Nc4 38. Bxc4 dxc4 39. Qc2 a4 40. h5 Qb2 41. Qxb2 Rxb2 42. hxg6 fxg6 43. Ne4 Rxf4 44. Nef6 Bc6+ 0-1

[Event "SLO-chT 12th"]
[Site "Bled"]
[Date "2002.11.22"]
[Round "6"]
[White "Vrabic, Anita"]
[Black "Praznik, Anton"]
[Result "1/2-1/2"]
[WhiteElo "2167"]
[BlackElo "2225"]
[PlyCount "20"]
[EventDate "2002.11.18"]
[EventType "team-tourn"]
[EventRounds "9"]
[EventCountry "SLO"]
[SourceTitle "EXT 2005"]
[Source "ChessBase"]
[SourceDate "2004.11.15"]
[SourceVersion "1"]
[SourceVersionDate "2004.11.15"]
[SourceQuality "1"]
[WhiteTeam "Ptuj"]
[BlackTeam "Vrhnika"]
[WhiteTeamCountry "SLO"]
[BlackTeamCountry "SLO"]

1. e4 d6 2. d4 Nf6 3. Nc3 g6 4. Be3 c6 5. Qd2 b5 6. Bd3 Nbd7 7. Nf3 e5 8. dxe5 dxe5 9. h3 Qe7 10. Rd1 Bg7 1/2-1/2

[Event "Ljubljana op 13th"]
[Site "Ljubljana"]
[Date "2002.06.27"]
[Round "6"]
[White "Kutuzovic, Branko"]
[Black "Vrabic, Anita"]
[Result "1-0"]
[WhiteElo "2406"]
[BlackElo "2179"]
[PlyCount "65"]
[EventDate "2002.06.22"]
[EventType "swiss"]
[EventRounds "9"]
[EventCountry "SLO"]
[SourceTitle "CBM 088 Extra"]
[Source "ChessBase"]
[SourceDate "2002.07.01"]
[SourceVersion "2"]
[SourceVersionDate "2002.07.01"]
[SourceQuality "1"]

1. e4 c5 2. Nf3 Nc6 3. d4 cxd4 4. Nxd4 Nf6 5. Nc3 d6 6. Bg5 e6 7. Qd2 Be7 8. 0-0-0 0-0 9. Nb3 Qb6 10. f3 Rd8 11. Nb5 Rd7 12. Qe1 Qd8 13. h4 a6 14. N5d4 Rc7 15. Kb1 Nxd4 16. Nxd4 b5 17. Bd2 Qe8 18. g4 Nd7 19. g5 Nc5 20. h5 Bd7 21. Bc1 Qc8 22. Bh3 a5 23. e5 d5 24. g6 fxg6 25. hxg6 h6 26. Qg3 Qd8 27. Rdg1 a4 28. Bf1 a3 29. b3 Na4 30. Bxh6 Nc3+ 31. Ka1 gxh6 32. Rxh6 Bf6 33. g7 1-0

[Event "Ljubljana op 13th"]
[Site "Ljubljana"]
[Date "2002.06.23"]
[Round "2"]
[White "Stojanovski, Dejan"]
[Black "Vrabic, Anita"]
[Result "1-0"]
[WhiteElo "2416"]
[BlackElo "2179"]
[PlyCount "75"]
[EventDate "2002.06.22"]
[EventType "swiss"]
[EventRounds "9"]
[EventCountry "SLO"]
[SourceTitle "CBM 088 Extra"]
[Source "ChessBase"]
[SourceDate "2002.07.01"]
[SourceVersion "2"]
[SourceVersionDate "2002.07.01"]
[SourceQuality "1"]

1. e4 c5 2. Nf3 Nc6 3. d4 cxd4 4. Nxd4 Nf6 5. Nc3 d6 6. Bg5 e6 7. Qd2 Be7 8. 0-0-0 0-0 9. f4 h6 10. h4 e5 11. Nf3 Qa5 12. Bxf6 Bxf6 13. f5 Nd4 14. Kb1 Bd7 15. Nd5 Qxd2 16. Nxf6+ gxf6 17. Rxd2 Nxf3 18. gxf3 Bc6 19. Rxd6 Rfd8 20. Rg1+ Kf8 21. Rxd8+ Rxd8 22. Bd3 b6 23. Kc1 Ba4 24. b3 Bc6 25. a4 a5 26. Bc4 Rc8 27. Bd3 Bd7 28. Kd2 Rc7 29. Ke3 Be8 30. f4 Rc5 31. fxe5 fxe5 32. Rg2 Bd7 33. f6 Bc8 34. Bc4 Rc6 35. Rd2 Kg8 36. Rd8+ Kh7 37. Bxf7 Rxf6 38. Bg8+ 1-0

[Event "SLO Cup final"]
[Site "Rogla"]
[Date "2002.06.09"]
[Round "5"]
[White "Brcar, Andrej"]
[Black "Vrabic, Anita"]
[Result "1-0"]
[WhiteElo "2099"]
[BlackElo "2179"]
[PlyCount "77"]
[EventDate "2002.06.07"]
[EventType "swiss"]
[EventRounds "5"]
[EventCountry "SLO"]
[SourceTitle "EXT 2008"]
[Source "ChessBase"]
[SourceDate "2007.11.25"]
[SourceVersion "1"]
[SourceVersionDate "2007.11.25"]
[SourceQuality "1"]

1. e4 c5 2. c3 Nf6 3. e5 Nd5 4. d4 cxd4 5. Qxd4 e6 6. Nf3 Nc6 7. Qe4 d6 8. Nbd2 dxe5 9. Nxe5 Nf6 10. Qa4 Qc7 11. Nxc6 Bd7 12. Bb5 bxc6 13. Be2 c5 14. Qc2 Bc6 15. 0-0 Bd6 16. h3 0-0 17. Bf3 Bxf3 18. Nxf3 Nd5 19. Ng5 g6 20. Ne4 Bh2+ 21. Kh1 Be5 22. Bh6 Rfb8 23. Rfe1 Bh8 24. Rad1 Rb6 25. Be3 Nxe3 26. Rxe3 Rab8 27. b3 c4 28. b4 a5 29. a3 Ra8 30. Qa4 Rc6 31. Re2 Be5 32. Red2 Kg7 33. Rd7 Qc8 34. Ng5 axb4 35. Rxf7+ Kh6 36. h4 Rc7 37. Qxb4 Rb8 38. Qxc4 Rbb7 39. Rxh7+ 1-0

[Event "SLO Cup final"]
[Site "Rogla"]
[Date "2002.06.08"]
[Round "2"]
[White "Stajner, Samo"]
[Black "Vrabic, Anita"]
[Result "1-0"]
[WhiteElo "2073"]
[BlackElo "2179"]
[PlyCount "71"]
[EventDate "2002.06.07"]
[EventType "swiss"]
[EventRounds "5"]
[EventCountry "SLO"]
[SourceTitle "EXT 2008"]
[Source "ChessBase"]
[SourceDate "2007.11.25"]
[SourceVersion "1"]
[SourceVersionDate "2007.11.25"]
[SourceQuality "1"]

1. e4 c5 2. Nf3 Nc6 3. d4 cxd4 4. Nxd4 Nf6 5. Nc3 d6 6. Bc4 e6 7. Be3 a6 8. a3 Qc7 9. Ba2 Be7 10. 0-0 0-0 11. Kh1 Ne5 12. f4 Nc4 13. Bc1 Rd8 14. f5 b5 15. Qe2 Bd7 16. a4 e5 17. Nf3 Rac8 18. g4 b4 19. g5 bxc3 20. gxf6 cxb2 21. Bxb2 Bxf6 22. Bc1 d5 23. Bg5 Bxg5 24. Nxg5 h6 25. Qh5 Be8 26. f6 Rd6 27. Rf2 Qd8 28. Raf1 Ne3 29. Bxd5 Rxd5 30. exd5 Nxf1 31. Rxf1 Qxd5+ 32. Nf3 Bc6 33. Qg4 g5 34. Qxc8+ Kh7 35. Qf5+ Kg8 36. Kg1 1-0